000
00278nam a22001337a 4500
008
170721b xxu||||| |||| 00| 0 eng d
020
_a
9780672301889
041
_a
eng
080
_a
004
100
_a
29
101
_a
SHKI
245
_a
C++ PRIMER
_c
SWAN, T
942
_2
udc
_c
BK
999
_c
21775
_d
21775